000 00674cam a22002052 4500
001 0000008383
005 20151217161138.0
008 080408s xx 000 0 eng d
020 _a0851119964 :
_cKES 4350
040 _aKABU
_cKABU
245 1 0 _aBiographical dictionary of evangelicals /
_ceditor, Timothy Larsen.
260 _aDowners Grove, IL. :
_bInterVarsity Press,
_c2003.
300 _axvii, 789 p.
650 0 _aEvangelicalism
_vDictionaries.
_@0000158939
650 0 _aChristian biography
_vDictionaries.
_@0000158940
700 1 _aLarsen, Timothy.
_@0000158941
908 _a080408
950 _@1
999 _c15040
_d15040